Exposición que eleva a S. M. el Rey el Casino Español de Manila y demás entidades españolas de Filipinas, en súplica de que se fomente la propaganda de nuestro idioma en este archipiélago y se conserve la comunicación directa y subvencionada con la antigua metrópoli. (Record no. 181010)

MARC details
000 -LEADER
campo de control de longitud fija 00688nam a2200157 i 4500
001 - NÚMERO DE CONTROL
campo de control 181010
003 - IDENTIFICADOR DE NÚMERO DE CONTROL
campo de control ES-MaACL
005 - FECHA Y HORA DE LA ÚLTIMA TRANSACCIÓN
campo de control 20230906221239.0
008 - DATOS DE LONGITUD FIJA--INFORMACIÓN GENERAL
campo de control de longitud fija 121001s1916 phl |||| | spa d
245 00 - MENCIÓN DEL TÍTULO
Título Exposición que eleva a S. M. el Rey el Casino Español de Manila y demás entidades españolas de Filipinas, en súplica de que se fomente la propaganda de nuestro idioma en este archipiélago y se conserve la comunicación directa y subvencionada con la antigua metrópoli.
260 ## - PUBLICACIÓN, DISTRIBUCIÓN, ETC.
Lugar de publicación, distribución, etc. Manila :
Nombre del editor, distribuidor, etc. [s.n.],
Fecha de publicación, distribución, etc. 1916.
300 ## - DESCRIPCIÓN FÍSICA
Extensión 18 p. ;
Dimensiones 26 cm.
650 04 - PUNTO DE ACCESO ADICIONAL DE MATERIA--TÉRMINO DE MATERIA
Término de materia o nombre geográfico como elemento de entrada Lengua española-
Subdivisión geográfica Filipinas.
9 (RLIN) 163191
710 2# - ENTRADA AGREGADA--NOMBRE DE ENTIDAD CORPORATIVA
Nombre de entidad corporativa o nombre de jurisdicción como elemento de entrada Casino Español de Manila.
9 (RLIN) 151493
852 ## - LOCALIZACIÓN
Ubicación ES-MaACL
Número de control de estantería 1522-F-10
Holdings
Estatus retirado Estado de pérdida Estado de daño No para préstamo Colección Biblioteca de origen Biblioteca actual Ubicación en estantería Fecha de adquisición Fuente de adquisición Total de préstamos Signatura topográfica completa Código de barras Visto por última vez Precio de reemplazo Tipo de ítem Koha
        Colección de folletos Biblioteca del Ateneo de Madrid Biblioteca del Ateneo de Madrid Depósito folletos 01/10/2012     1522-F-10 1190217 23/02/2023 23/02/2023 Folleto